Treasures of the thunder dragon : (Record no. 2369)

MARC details
000 -LEADER
fixed length control field 00950cam a2200241 4500
001 - CONTROL NUMBER
control field 2948
005 - DATE AND TIME OF LATEST TRANSACTION
control field 20181127170127.0
008 - FIXED-LENGTH DATA ELEMENTS--GENERAL INFORMATION
fixed length control field 060519s2006 ii ab 001 0 eng
010 ## - LIBRARY OF CONGRESS CONTROL NUMBER
LC control number 2006413371
020 ## - INTERNATIONAL STANDARD BOOK NUMBER
International Standard Book Number 0670999016
International Standard Book Number 9780670086344
043 ## - GEOGRAPHIC AREA CODE
Geographic area code a-bt---
100 0# - MAIN ENTRY--PERSONAL NAME
Personal name Ashi Dorji Wangmo Wangchuck,
Titles and words associated with a name Queen, Consort of Jigme Singye Wangchuck, King of Bhutan,
Dates associated with a name 1955-
245 10 - TITLE STATEMENT
Title Treasures of the thunder dragon :
Remainder of title a portrait of Bhutan /
Statement of responsibility, etc. Ashi Dorji Wangmo Wangchuck.
246 30 - VARYING FORM OF TITLE
Title proper/short title Portrait of Bhutan
260 ## - PUBLICATION, DISTRIBUTION, ETC.
Place of publication, distribution, etc. New Delhi ;
Name of publisher, distributor, etc. Penguin,
Date of publication, distribution, etc. 2012.
300 ## - PHYSICAL DESCRIPTION
Extent xii, 211 p. :
Other physical details col. ill., maps ;
Dimensions 24 cm.
500 ## - GENERAL NOTE
General note Includes index.
520 ## - SUMMARY, ETC.
Summary, etc. Author's memoir of travelogue with the historical and cultural description of Bhutan.
600 00 - SUBJECT ADDED ENTRY--PERSONAL NAME
Personal name Ashi Dorji Wangmo Wangchuck,
Titles and other words associated with a name Queen, Consort of Jigme Singye Wangchuck, King of Bhutan,
Dates associated with a name 1955-
General subdivision Travel.
650 #0 - SUBJECT ADDED ENTRY--TOPICAL TERM
Topical term or geographic name entry element Queens
General subdivision
Geographic subdivision Bhutan.
651 #0 - SUBJECT ADDED ENTRY--GEOGRAPHIC NAME
Geographic name Bhutan
General subdivision Description and travel.
Holdings
Withdrawn status Lost status Source of classification or shelving scheme Damaged status Not for loan Collection code Home library Current library Shelving location Date acquired Serial Enumeration / chronology Inventory number Total Checkouts Total Renewals Full call number Barcode Date last seen Date last checked out Copy number Price effective from Koha item type Public note
    Dewey Decimal Classification     Main TEST RTC Library RTC Library Main opac 01/03/2021 5208 9 3 954.98 WAN 30001390 18/10/2024 04/10/2024 1 27/11/2018 Main  
    Dewey Decimal Classification     Main TEST RTC Library RTC Library Main opac 24/03/2022 5494 8   954.98 WAN 30006118 29/04/2026 15/04/2026 2 27/11/2018 Main Donated by Rachael Davey. Return to her upon request.
    Dewey Decimal Classification     Reference RTC Library RTC Library Reference   6737 2   954.98 WAN 30000476 31/10/2020 08/08/2019 3 27/11/2018 Reference  
Royal Thimphu College || All Right Reserved